Central Library and Information Centre
Sibsagar Girls' College, Sivasagar : Assam

NAMGHUSHA (Record no. 3199)

MARC details
000 -LEADER
fixed length control field 00359cam a2200169ua 4500
008 - FIXED-LENGTH DATA ELEMENTS--GENERAL INFORMATION
fixed length control field 131203n II |||gr||||Z||||||asm
040 ## - CATALOGING SOURCE
Original cataloging agency MAIN
041 ## - LANGUAGE CODE
-- English
082 ## - DEWEY DECIMAL CLASSIFICATION NUMBER
Classification number 205 MAD
100 ## - MAIN ENTRY--PERSONAL NAME
Personal name MADAVDEV.
245 ## - TITLE STATEMENT
Title NAMGHUSHA
260 ## - PUBLICATION, DISTRIBUTION, ETC.
Place of publication, distribution, etc. [s.l:
Name of publisher, distributor, etc. s.n.]
Date of publication, distribution, etc. 1989.
300 ## - PHYSICAL DESCRIPTION
Extent 234.:
Dimensions 20CM.
942 ## - ADDED ENTRY ELEMENTS (KOHA)
Koha item type Books
653 ## - INDEX TERM--UNCONTROLLED
Uncontrolled term Religious ethics
Holdings
Withdrawn status Lost status Damaged status Not for loan Collection code Home library Current library Shelving location Date acquired Full call number Barcode Date last seen Copy number Price effective from Koha item type Public note
          Central Library and Information Centre Sibsagar Girls College Central Library and Information Centre Sibsagar Girls College Religious Books 07.03.1985 205 MAD 11448 27.02.2020 1 27.02.2020 Books V
        TBSOC Central Library and Information Centre Sibsagar Girls College Central Library and Information Centre Sibsagar Girls College Location Not Found 07.03.1985 205 MAD 11449 27.02.2020 2 27.02.2020 Books  
          Central Library and Information Centre Sibsagar Girls College Central Library and Information Centre Sibsagar Girls College Religious Books 07.03.1985 205 MAD 11450 27.02.2020 3 27.02.2020 Books V


Sibsagar Girl's College © 2020. All rights reserved.
Powered by Koha.
Maintained by Abhijit Borpuzari.